West Side Rappers - Statistiken

Allgemein
  • Dieses Quiz wurde 4 mal gespielt
  • Das Durchschnittsergebnis liegt bei 8 aus 14
Antwortstatistiken
Bildquiz Antwort % Korrekt
Dr. Dre
100%
Ice Cube
100%
Snoop Dogg
100%
Tupac Shakur
100%
Eazy-E
75%
Kendrick Lamar
75%
Tyler, The Creator
75%
Tyga
50%
MC Ren
25%
Nate Dogg
25%
The Game
25%
Warren G
25%
Yella
0%
YG
0%
Keine übereinstimmenden Quizze gefunden
Verteilung der Resultate
Anzahl Personen mit jedem Resultat
Perzentil nach korrekt beantworteten Fragen
Ihre Resultats-Entwicklung
Sie haben dieses Quiz noch nicht gespielt